Bibliotheca Hispana Nova sive Hispanorum scriptorum qui ab anno MD ad MDCLXXXIV floruere notitia / (Record no. 24679)
[ view plain ]
| 000 -LEADER | |
|---|---|
| campo de control de longitud fija | 00863nam a2200217 i 4500 |
| 001 - NÚMERO DE CONTROL | |
| campo de control | 24679 |
| 003 - IDENTIFICADOR DE NÚMERO DE CONTROL | |
| campo de control | ES-MaACL |
| 005 - FECHA Y HORA DE LA ÚLTIMA TRANSACCIÓN | |
| campo de control | 20250727053335.0 |
| 007 - CAMPO FIJO DE DESCRIPCIÓN FÍSICA--INFORMACIÓN GENERAL | |
| campo de control de longitud fija | t| |
| 008 - DATOS DE LONGITUD FIJA--INFORMACIÓN GENERAL | |
| campo de control de longitud fija | 021218m17831788sp b |||| |dlat d |
| 100 1# - ENTRADA PRINCIPAL--NOMBRE DE PERSONA | |
| Nombre de persona | Antonio, Nicolás, |
| Fechas asociadas al nombre | 1617-1684 |
| 9 (RLIN) | 21980 |
| 245 10 - MENCIÓN DEL TÍTULO | |
| Título | Bibliotheca Hispana Nova sive Hispanorum scriptorum qui ab anno MD ad MDCLXXXIV floruere notitia / |
| Mención de responsabilidad, etc. | auctore Nicolao Antonio Hispalensi. |
| 260 ## - PUBLICACIÓN, DISTRIBUCIÓN, ETC. | |
| Lugar de publicación, distribución, etc. | Matriti : |
| Nombre del editor, distribuidor, etc. | Joachim de Ibarra, |
| Fecha de publicación, distribución, etc. | 1783-1788. |
| 300 ## - DESCRIPCIÓN FÍSICA | |
| Extensión | 2 v. ; |
| Dimensiones | 35 cm. |
| 530 ## - NOTA DISPONIBLE DE FORMULARIO FÍSICO ADICIONAL | |
| Nota de formato físico adicional disponible | Disponible en formato digital. |
| 650 04 - PUNTO DE ACCESO ADICIONAL DE MATERIA--TÉRMINO DE MATERIA | |
| Término de materia o nombre geográfico como elemento de entrada | Escritores españoles- |
| Subdivisión cronológica | S.XVI-XVII- |
| Subdivisión de forma | Biobibliografías. |
| 9 (RLIN) | 166271 |
| 700 1# - ENTRADA AGREGADA--NOMBRE PERSONAL | |
| Nombre de persona | Ibarra, Joaquín, |
| Fechas asociadas al nombre | 1725-1785 |
| 9 (RLIN) | 172326 |
| 852 ## - LOCALIZACIÓN | |
| Ubicación | ES-MaACL |
| Número de control de estantería | R-126-27 |
| Encuadernación | Olim: B-459-60 |
| 856 ## - LOCALIZACIÓN Y ACCESO ELECTRÓNICOS | |
| Identificador Uniforme de Recursos | <a href="http://bdh-rd.bne.es/viewer.vm?id=0000007573&page=1 ">http://bdh-rd.bne.es/viewer.vm?id=0000007573&page=1 </a> |
| Nota pública | Biblioteca Digital Hispánica |
| Estatus retirado | Estado de pérdida | Estado de daño | No para préstamo | Colección | Biblioteca de origen | Biblioteca actual | Ubicación en estantería | Fecha de adquisición | Fuente de adquisición | Total de préstamos | Signatura topográfica completa | Código de barras | Visto por última vez | Precio de reemplazo | Tipo de ítem Koha |
|---|---|---|---|---|---|---|---|---|---|---|---|---|---|---|---|
| Colección digital | Biblioteca del Ateneo de Madrid | Biblioteca del Ateneo de Madrid | Depósito | 17/01/2008 | R-126-27 | 1025445 | 23/02/2023 | 23/02/2023 | Libro impreso antiguo |
